Всесилната държава (Запис номер 332864)
[ съкратено ]
| 000 -Лидер | |
|---|---|
| Контролно поле с фиксирана дължина | 01936nam a2200457 c 4500 |
| 003 - Код на организацията, давaща контролен номер | |
| Контролно поле | BLK |
| 005 - Дата и час на последна редакция | |
| Контролно поле | 20230504124223.0 |
| 008 - Елементи от данни с фиксирана дължина | |
| fixed length control field | 180409b bul|||||r ||||||| ||bul|| |
| 010 ## - Наследен системен номер | |
| LC control number | KNG00141208000 |
| 020 ## - Международен стандартен номер на книга ISBN | |
| Международен стандартен номер на книга ISBN | 9789548585378 |
| 040 ## - Източник на каталожния запис | |
| Идентификатор на билиотеката - собственик на записа | BLK |
| 041 ## - Код за език | |
| Код за езика на текст/звукозапис или на отделно заглавие | Български |
| Код за езика КДБФ | Български |
| 080 ## - УДК | |
| Текстов определител УДК | Икономическа наука. Основни понятия на икономическата теория. Стойност. Капитал. Фондове |
| УДК код - определител по УДК | 330.1 |
| УДК - код + определител | 330.1 |
| 100 1# - Редна дума - Автор | |
| Автор | Мизес, Лудвиг фон |
| Авторска отговорност | първи автор |
| Автор - информация (биография) | Мизес, Лудвиг Хайнрих Едлер фон |
| R(LIN) | 299897 |
| 139 ## - Редно поле | |
| Редна дума | Мизес, Лудвиг фон |
| Авторски знак | Ми - М 53 |
| 245 10 - Сведения за заглавието | |
| Заглавие | Всесилната държава |
| Подзаглавни данни | Възходът на тоталната държава тоталната война |
| Редно поле (дума) | Лудвиг фон Мизес; прев. от англ. Майя Маркова |
| 260 ## - Област на издателските данни | |
| Име на издателя, разпространителя и проч. | МаК |
| Година на издаване | 2016 |
| Място на издаване, разпространение и проч. | София |
| 300 ## - Физическа характеристика | |
| Страници | 432 с. |
| Размери/Мащаб | 22 см |
| 380 ## - Жанр | |
| Жанр | Обществени науки |
| 500 ## - Общи забележки | |
| Забележка | Ориг. загл. Omnipotent goverment / Ludwig von Mises. |
| 650 #4 - Допълнително описание по предмет – тема | |
| Основно описание – тема или топоним | Икономика - теория |
| 9 (RLIN) | 243191 |
| 650 #4 - Допълнително описание по предмет – тема | |
| Основно описание – тема или топоним | Търговия |
| 9 (RLIN) | 174378 |
| 653 ## - Ключова дума – ненормативна | |
| Ключова дума | икономика |
| 653 ## - Ключова дума – ненормативна | |
| Ключова дума | пазарна икономика |
| 653 ## - Ключова дума – ненормативна | |
| Ключова дума | ценообразуване |
| 653 ## - Ключова дума – ненормативна | |
| Ключова дума | лихви |
| 653 ## - Ключова дума – ненормативна | |
| Ключова дума | валута |
| 653 ## - Ключова дума – ненормативна | |
| Ключова дума | кредити |
| 653 ## - Ключова дума – ненормативна | |
| Ключова дума | икономическа политика |
| 659 ## - Тематичен бюлетин | |
| Тематичен бюлетин | Н |
| 700 1# - Други автори (авторска отговорност) | |
| Лично име | Мизес, Лудвиг Хайнрих Едлер фон |
| 9 (RLIN) | 372390 |
| 700 ## - Други автори (авторска отговорност) | |
| Лично име | Маркова, Майя |
| Автороска отговорност (Описва отношението между автора и произведението) | прев. от англ. |
| 9 (RLIN) | 367678 |
| 852 ## - Местоположение | |
| Форматна сигнатура | Цб 313659 |
| 856 4# - Електронен адрес и достъп | |
| Електронен формат | pdf - файл |
| 856 4# - Електронен адрес и достъп | |
| Електронен формат | pdf - файл |
| 999 ## - СИСТЕМНИ КОНТРОЛНИ НОМЕРА | |
| Koha biblionumber | 332864 |
| Koha biblioitemnumber | 332864 |
| 942 ## - АРТИКУЛИ | |
| Вид на библиотечния материал | Книги |
| Скрит в OPAC | Не |
| Koha issues (borrowed), all copies | 10 |
| Периодичен библиозапис | Да |
| 944 ## - СЪЗДАВАНЕ И РЕДАКЦИЯ на ЗАПИСА | |
| Създаване/Редакция | Създаване |
| Дата на регистрацията/редакция | 2019-07-12 |
| Служител, извършил регистрацията/редакцията | Катерина_Дюлгерова |
| 999 ## - СИСТЕМНИ КОНТРОЛНИ НОМЕРА | |
| Koha biblioitemnumber | 332864 |
| Код за отписване | Код за изгубен артикул | Източник на класификационната схема | Код за повреда | Коз за рестрикции | Код за отдаване | Артикулен № | Име на библиотеката - собственик | Име на библиотеката, в която се намира в момента | Статус (Текущо местоположение) | Дата на вписване в системата | Местоположение - отдел | Цена в лева | Систематично азбучна сигнатура | Баркод | Цена в евро | Служебен тип на артикула |
|---|---|---|---|---|---|---|---|---|---|---|---|---|---|---|---|---|
| Не е изгубен | Universal Decimal Classification | Не е повреден | без рестрикции | заемане за дома | 730245 | Регионална библиотека "Любен Каравелов" Русе | Регионална библиотека "Любен Каравелов" Русе | Заемна - подръчен фонд | 2019-07-15 | Заемна - подръчен фонд | 15.00 | 330.1/М 53 Л | 120000833892 | 7.67 | Книги | |
| Не е изгубен | Universal Decimal Classification | Не е повреден | без рестрикции | заемане за дома | 730893 | Регионална библиотека "Любен Каравелов" Русе | Регионална библиотека "Любен Каравелов" Русе | Заемна - подръчен фонд | 2019-07-18 | Заемна - подръчен фонд | 15.00 | П 330.1/М 53 | 120000834527 | 7.67 | Книги | |
| Не е изгубен | Universal Decimal Classification | Не е повреден | само за читалня | ползва се в читалня | 902754 | Регионална библиотека "Любен Каравелов" Русе | Регионална библиотека "Любен Каравелов" Русе | Хранилище | 2022-09-02 | Хранилище | 15.00 | Цб 313659 | 120000875658 | 7.67 | Книги |